Effect of Chemicals and Packaging Materials on Ripening and Quality Characters of Sapota (Manilkara achras (Mill.) Forsberg). (Record no. 50111)

MARC details
000 -LEADER
fixed length control field 00496nam a22001577a 4500
003 - CONTROL NUMBER IDENTIFIER
control field OSt
008 - FIXED-LENGTH DATA ELEMENTS--GENERAL INFORMATION
fixed length control field 260423b |||||||| |||| 00| 0 eng d
082 ## - DEWEY DECIMAL CLASSIFICATION NUMBER
Classification number 634.43
Item number F17E
100 ## - MAIN ENTRY--PERSONAL NAME
Personal name Faridi, S.M Rashid Azhar
245 ## - TITLE STATEMENT
Title Effect of Chemicals and Packaging Materials on Ripening and Quality Characters of Sapota (Manilkara achras (Mill.) Forsberg).
260 ## - PUBLICATION, DISTRIBUTION, ETC. (IMPRINT)
Place of publication, distribution, etc BAU, Sabour
Name of publisher, distributor, etc RAU, Pusa
Date of publication, distribution, etc 2001
300 ## - PHYSICAL DESCRIPTION
Extent 110P.
502 ## - DISSERTATION NOTE
Degree type Msc.
Year degree granted 2001
650 ## - SUBJECT ADDED ENTRY--TOPICAL TERM
Topical term or geographic name as entry element Fruit and Fruit Technology
942 ## - ADDED ENTRY ELEMENTS (KOHA)
Source of classification or shelving scheme
Koha item type Thesis
Holdings
Withdrawn status Lost status Source of classification or shelving scheme Damaged status Not for loan Home library Current library Date acquired Total Checkouts Full call number Barcode Date last seen Bill Date Koha item type
          Dr. Rajendra Prasad Central Agricultural University Pusa, Dr. Rajendra Prasad Central Agricultural University Pusa, 23/04/2026   634.43 F17E 48849-UL 23/04/2026 23/04/2026 Thesis
Hosted, Implemented, Customized & Maintained by: BestBookBuddies

Powered by Koha